History- AD or BC - Statistics

General Stats
  • This quiz has been taken 16 times
  • The average score is 18 of 20
Answer Stats
Question Answer % Correct
Muhammad preaches in Mecca AD
100%
Alexander the Great conquers Persia BC
100%
Charlemagne is crowned Holy Roman Emperor AD
92%
Attila the Hun terrorizes the Eastern Roman empire AD
92%
The Black Plague wipes out almost half of Europe AD
92%
William of Normandy defeats Harold Godwinson at Hastings AD
92%
Martin Luther posts his 95 Thesis, starting the Protestant Reformation AD
92%
Teenage Joan of Arc defends Orleans against the British assault AD
92%
King John is forced to sign the Magna Carta following a baron rebellion AD
92%
Ferdinand Magellans fleet becomes the first to circumnavigate the globe AD
92%
Julius Caesar is stabbed at the Ides of March BC
92%
Leonidas and his Spartans face Xerxes and the Persians at Thermopylae BC
92%
King Tutankhamun becomes pharaoh at 8-9 and rules for about 9 years BC
92%
Lief Erkison is the first to step foot in North America AD
85%
Roman emperor Hadrian constructs a wall in northern England AD
85%
The US purchases Louisiana Territory from France, doubling the size of the country AD
85%
Cyrus the Great founded the Achaemenid Empire BC
85%
Qin Shi Huang is the first emperor of China BC
77%
Hannibal and his Carthaginian army cross the Alps BC
77%
Mt Vesuvius erupts, burying Pompeii AD
62%
No matching quizzes found
Score Distribution
Percent of People with Each Score
Percentile by Number Answered
Your Score History
You have not taken this quiz